| 000 | 00781nam a2200265 a 4500 | ||
|---|---|---|---|
| 003 | AR-BaBNM | ||
| 005 | 20251128204842.0 | ||
| 008 | 082120s2002 ||||||||||||||000 | spa|| | ||
| 020 | _a950-614-369-2 | ||
| 040 | _cAR-BaBNM | ||
| 100 | 1 | _aGiberti, Horacio C.E. | |
| 245 | 0 | 0 | _aHistoria económica de la ganadería argentina |
| 260 |
_aBuenos Aires _bHyspamérica _c1985 |
||
| 300 |
_a275 p. _bmapas, il., tablas |
||
| 490 | 0 |
_aBiblioteca argentina de historia y política _vv. 12 |
|
| 504 | _aBibliografía: p. 261-269 | ||
| 650 | 4 | _aHISTORIA ARGENTINA | |
| 650 | 4 | _aHISTORIA ECONOMICA | |
| 650 | 4 | _aHISTORIA AGROPECUARIA | |
| 650 | 4 | _aPERIODO HISPANICO | |
| 650 | 4 | _aPERIODO INDEPENDIENTE | |
| 800 | 1 |
_aCostantini, Pablo _edirector |
|
| 942 | _cBK | ||
| 998 | _cEnrique | ||
| 999 |
_c9051 _d9051 |
||